|
|
|
|
| LEADER |
00000caa a2200000 c 4500 |
| 001 |
1524359866 |
| 003 |
DE-627 |
| 005 |
20160318103401.0 |
| 007 |
tu |
| 008 |
160119s2015 xx ||||| 00| ||ger c |
| 020 |
|
|
|a 9783848723737
|
| 035 |
|
|
|a (DE-627)1524359866
|
| 035 |
|
|
|a (DE-576)454359861
|
| 035 |
|
|
|a (DE-599)BSZ454359861
|
| 040 |
|
|
|a DE-627
|b ger
|c DE-627
|e rda
|
| 041 |
|
|
|a ger
|
| 100 |
1 |
|
|a Cornel, Heinz
|d 1953-
|e VerfasserIn
|0 (DE-588)109795784
|0 (DE-627)50302659X
|0 (DE-576)160623545
|4 aut
|
| 109 |
|
|
|a Cornel, Heinz 1953-
|
| 245 |
1 |
0 |
|a Rückfälligkeit und langfristige Legalbewährung nach Vollstreckung von Jugendstrafe
|c Heinz Cornel
|
| 264 |
|
1 |
|c 2015
|
| 336 |
|
|
|a Text
|b txt
|2 rdacontent
|
| 337 |
|
|
|a ohne Hilfsmittel zu benutzen
|b n
|2 rdamedia
|
| 338 |
|
|
|a Band
|b nc
|2 rdacarrier
|
| 689 |
0 |
0 |
|d g
|0 (DE-588)4005728-8
|0 (DE-627)10482638X
|0 (DE-576)208862560
|a Berlin
|2 gnd
|
| 689 |
0 |
1 |
|d g
|0 (DE-588)4007955-7
|0 (DE-627)78767656X
|0 (DE-576)208873449
|a Brandenburg
|2 gnd
|
| 689 |
0 |
2 |
|d s
|0 (DE-588)4028944-8
|0 (DE-627)106276417
|0 (DE-576)208980172
|a Jugendstrafvollzug
|2 gnd
|
| 689 |
0 |
3 |
|d s
|0 (DE-588)4050841-9
|0 (DE-627)106179772
|0 (DE-576)209090022
|a Rückfall
|2 gnd
|
| 689 |
0 |
|
|5 (DE-627)
|
| 773 |
0 |
8 |
|i Enthalten in
|t Strafrecht, Jugendstrafrecht, Kriminalprävention in Wissenschaft und Praxis
|b 1. Auflage
|d Baden-Baden : Nomos, 2015
|g (2015), Seite 163-177
|h 993 Seiten
|w (DE-627)842664742
|w (DE-576)45329135X
|z 3848723735
|z 9783848723737
|7 nnam
|
| 773 |
1 |
8 |
|g year:2015
|g pages:163-177
|
| 951 |
|
|
|a AR
|
| ELC |
|
|
|b 1
|
| LOK |
|
|
|0 000 xxxxxcx a22 zn 4500
|
| LOK |
|
|
|0 001 2944931490
|
| LOK |
|
|
|0 003 DE-627
|
| LOK |
|
|
|0 004 1524359866
|
| LOK |
|
|
|0 005 20260119112648
|
| LOK |
|
|
|0 008 161115||||||||||||||||ger|||||||
|
| LOK |
|
|
|0 040
|a DE-21-110
|c DE-627
|d DE-21-110
|
| LOK |
|
|
|0 689
|a s
|a Jugendstrafvollzug
|
| LOK |
|
|
|0 689
|a s
|a Jugendstrafe
|
| LOK |
|
|
|0 689
|a s
|a Legalbewährung
|
| LOK |
|
|
|0 689
|a s
|a Rückfall
|
| LOK |
|
|
|0 689
|a s
|a Empirische Forschung
|
| LOK |
|
|
|0 689
|a g
|a Berlin
|
| LOK |
|
|
|0 689
|a g
|a Brandenburg
|
| LOK |
|
|
|0 852
|a DE-21-110
|
| LOK |
|
|
|0 852 1
|m p
|9 00
|
| LOK |
|
|
|0 938
|k p
|
| LOK |
|
|
|0 939
|a 15-11-16
|b l01
|
| ORI |
|
|
|a SA-MARC-krimdoka001.raw
|
| TIM |
|
|
|a 000000000000_100019481231
|b - 1948
|